000
00231nam a2200097Ia 4500
008
230508s1995 xx 000 0 und d
041
_a
eng
100
_a
PARKER SMITH
245
_a
PROBLEMS IN ELECTRICAL ENGINEERING
260
_c
1995
999
_c
326126
_d
326126